000 04777nab a2200361 i 4500
003 BR-BrBNA
005 20251028170940.0
008 251028b2020 bl.mr|pooa||| 00| 0 eng |
040 _aBR-BrBNA
_beng
072 _aF60
_b1122
072 _aH50
100 _aSá, Francisco V. da S.
100 _aBrito, Marcos E. B.
100 _aSilva, Luderlândio de A.
100 _aMoreira, Rômulo C. L.
100 _aPaiva, Emanoela P. de
100 _aSouto, Lauter S.
245 _aExogenous application of phytohormones mitigates the effect of salt stress on Carica papaya plants
500 _aPublicação on-line; 22 ref.; 4 tables; Sumaries (En, Pt)
520 _a ABSTRACT: The salinity has complex effects on the physiological, nutritional and hormonal interactions of plants. This study aimed to evaluate the mitigating action of exogenous application of different types and concentrations of phytohormones on Carica papaya under salt stress. The experiment was conducted in greenhouse, using a randomized block design with treatments formed from a 2 x 3 x 5 factorial scheme, relative to two concentrations of salts in the irrigation water (0.6 and 2.4 dS m-1), three types of phytohormones [Auxin = indole-3-acetic acid; Cytokinin = CPPU (N-(2-chloro-pyridyl)-N-phenylurea) and Gibberellin = gibberellic acid(AG3 )], and five concentrations of the phytohormone (0, 12.5, 25.0, 37.5 and 50.0 µM L-1), with three repetitions, totaling 90 plots, and the experimental unit consisted of six plants. C. papaya cv. ‘Sunrise Solo’ was grown on polyethylene trays of 162 cells, with capacity for 50 mL. The plants were evaluated for survival percentage and phytomass accumulation until 25 days after sowing. Increase in irrigation water salinity has deleterious effects on C. papaya plants regardless of the application of phytohormones. Exogenous application of gibberellin has a positive effect in mitigating salt stress on C. papaya plants, greater than the effects of auxins and cytokinins. Exogenous application of gibberellin and auxin at concentration of 37.5 µM L-1 mitigates the effects of salinity on C. papaya plants. Exogenous application of cytokinin at concentrations of 12.5 to 50.0 µM L-1 is not viable for C. papaya plants. Key words: auxins, cytokinins, gibberellins, salinity
520 _a RESUMO: A salinidade tem efeitos complexos nas interações fisiológicas, nutricionais e hormonais das plantas. Objetivou-se avaliar a ação mitigadora da aplicação exógena de diferentes tipos e concentrações de hormônios vegetais em plantas de Carica papaya sob estresse salino. O experimento foi realizado em casa de vegetação por meio do delineamento experimental de blocos casualizados com tratamentos formados a partir de esquema fatorial 2 x 3 x 5, relativo a duas concentrações de sais na água de irrigação (0,6 e 2,4 dS m-1), três tipos de hormônios vegetais [Auxina = ácido indol-3-acético; Citocinina = CPPU (N-(2-cloro-piridil)-N- feniluréia) e Giberelina = ácido giberélico(AG3 )], e cinco concentrações do hormônio vegetal (0; 12,5; 25,0; 37,5 50,0 µM L-1), com três repetições, totalizando 90 parcelas; sendo a unidade experimental composta por seis plantas. O cultivo do C. papaya, cv. Sunrise Solo, foi realizado em bandejas de polietileno de 162 cédulas, com capacidade de 50 mL. As plântulas foram avaliadas quanto a percentagem de sobrevivência e o acúmulo de fitomassa até aos 25 dias após semeadura. O aumento da salinidade da água de irrigação exerce efeitos danosos nas plantas de C. papaya independente da aplicação de hormônios vegetais. A aplicação exógena da giberelina tem efeito positivo na mitigação do estresse salino em plântulas de C. papaya, superiores aos efeitos das auxinas e citocininas. As aplicações exógenas de giberelina e auxina na concentração de 37,5 µM L-1 mitigam os efeitos da salinidade sobre as plântulas de C. papaya. A aplicação exógena da citocinina nas concentrações de 12,5 a 50,0 µM L-1 é inviável para as plântulas de C. papaya. Palavras-chave: auxinas, citocininas, giberelinas, salinidade
650 _aMAMÃO
650 _aHORMÔNIO VEGETAL
650 _aFISIOLOGIA VEGETAL
650 _aAUXINA
650 _aSALINIDADE
650 _aDISTÚRBIO FISIOLÓGICO
650 _aANÁLISE QUÍMICA
773 0 _03534
_9317784
_dCampina Grande-PB Universidade Federal de Campina Grande. Centro de Ciências e Tecnologia 1997
_o2024-4505
_tRevista Brasileira de Engenharia Agrícola e Ambiental (Brazil)
_x1415-4366
_gv. 24 (3) p. 170-175; (2020)
_wBR2025002179
856 _uhttps://www.scielo.br/j/rbeaa/a/DDrMLp5Z6yJBJvD9Xv7qz9Q/?format=pdf&lang=en
942 _cANA
999 _c338839
_d338839